British Geography A-Z - Statistics

General Stats
  • This quiz has been taken 41 times
  • The average score is 11 of 26
Answer Stats
Clue British place % Correct
A 2025 Scottish Cup-winning city Aberdeen
100%
E The Scottish capital Edinburgh
100%
B Shipbuilding port in Northern Ireland Belfast
98%
C The Welsh capital Cardiff
98%
G Scotland's largest city Glasgow
98%
D City on the Tay estuary in Scotland Dundee
90%
I Highlands hub bearing the name of a monster-infested loch Inverness
80%
L Secret lie told in Midlands city Leicester
48%
O The county town of Tyrone Omagh
43%
Y Shetland island which is worth shouting about Yell
43%
N Place in County Down, near the Irish border, given city status in 2002 Newry
40%
T Rotational force takes us to a seaside resort in Devon Torquay
38%
V Reinvent northern soul to find this hidden Isle of Wight locale Ventnor
35%
P West Yorkshire town built around a French bridge Pontefract
33%
Q Lothian town meaning "monarch's boat", with a major Forth bridge named after it Queensferry
33%
F Sea creature encounters security man at Welsh ferry port Fishguard
28%
H Two-word Hertfordshire town; the name is similar to a heath in London Hemel Hempstead
28%
J Baptist likes to rock in this Renfrewshire town Johnstone
20%
U Unlike LA, you wouldn't want to go for a swim at this Highland port Ullapool
20%
K Place near the southern town of Harrogate in North Yorkshire Knaresborough
15%
W Surrey town bordering London, containing the name of a card game Weybridge
10%
R Wet and mountainous-sounding Liverpool suburb Rainhill
8%
M Homo burglar unmasked in Wiltshire town Marlborough
5%
S Holy and fruity-sounding suburb of the Welsh capital St. Mellons
0%
X Higher education institute in London named after an ancient Greek Xenophon College
0%
Z Enthusiasm of a Devon village built from a lunchroom maze Zeal Monachorum
0%
No matching quizzes found
Score Distribution
Percent of People with Each Score
Percentile by Number Answered
Your Score History
You have not taken this quiz